[Event "BCF-chT3 0809 (4NCL)"]
[Site "Hinckley Island"]
[Date "2009.05.04"]
[Round "11.5"]
[White "Woolgar, Stephen"]
[Black "Myers, Richard Stephen"]
[Result "1/2-1/2"]
[WhiteElo "1760"]
[BlackElo "1840"]
[PlyCount "93"]
[EventDate "2008.10.18"]
[EventType "team-swiss"]
[EventRounds "11"]
[EventCountry "ENG"]
[SourceTitle "EXT 2010"]
[Source "ChessBase"]
[SourceDate "2010.11.25"]
[SourceVersion "1"]
[SourceVersionDate "2010.11.25"]
[SourceQuality "1"]
[WhiteTeam "Bristol II"]
[BlackTeam "Nottinghamshire II"]
[WhiteTeamCountry "ENG"]
[BlackTeamCountry "ENG"]

1. c4 e5 2. Nc3 Nf6 3. g3 Bc5 4. Bg2 0-0 5. Nf3 Re8 6. 0-0 c6 7. d3 d6 8. Bg5 h6 9. Bxf6 Qxf6 10. Ne4 Qe7 11. Nxc5 dxc5 12. Re1 Bf5 13. Nd2 Nd7 14. Qb3 Nf8 15. Rad1 Ne6 16. Qc3 Qd6 17. Ne4 Bxe4 18. Bxe4 Rad8 19. Rd2 Ng5 20. Bg2 e4 21. e3 Nf3+ 22. Bxf3 exf3 23. e4 g5 24. h3 f5 25. e5 Qd4 26. Re3 g4 27. h4 Re6 28. Rd1 Rde8 29. Rde1 b5 30. cxb5 cxb5 31. a3 Qxc3 32. bxc3 Rd8 33. Rd1 Kf7 34. d4 Rd5 35. Ree1 Ra6 36. Rb1 cxd4 37. cxd4 Rxa3 38. Rbc1 Ra6 39. Rc7+ Ke8 40. e6 Rxd4 41. Rh7 Re4 42. Rc1 Rc4 43. Re1 Rac6 44. Rh8+ Ke7 45. Rh7+ Ke8 46. Rh8+ Ke7 47. Rh7+ 1/2-1/2